College Quizbowl Stats
College Quizbowl Stats
Circuits
Seasons
Sets
Records
Detailed Stats
About
Loading...
2023 BHSU @ Maryland
Tossups
Bonuses
Players
Teams
Categories (Tossup)
Categories (Bonus)
Kevin Jiang
The Perfection of Wisdom in 8,000 Negs
Categories
Category
Powers
Gets
Negs
BBs
Points
Earliest Buzz
Avg. Buzz
First Buzzes
Top 3 Buzzes
Other - Geo/CE
0
2
0
1
20
83
103.50
1
2
Science - Engineering
1
0
1
0
10
28
28.00
1
1
Other - Other Academic
0
0
1
0
-5
0.00
0
0
Science - Other Science
0
0
1
0
-5
0.00
0
0
Buzzes
Category
Answer
Value
Buzz Position
Science - Engineering
flip-flops
15
28
Science - Engineering
energy storage
-5
33
Other - Geo/CE
elevation
10
83
Science - Other Science
databases
-5
91
Other - Other Academic
body mass index
-5
104
Other - Geo/CE
internet service
10
124
Other - Other Academic
Perl
0
137
Previous
1
Next